Normal view MARC view

Entry Personal Name

Number of records used in: 1

001 - CONTROL NUMBER

  • control field: 234933

003 - CONTROL NUMBER IDENTIFIER

  • control field: St Aloysius Coll

005 - DATE AND TIME OF LATEST TRANSACTION

  • control field: 20250809172815.0

008 - FIXED-LENGTH DATA ELEMENTS

  • fixed length control field: 250809|| aca||aabn | a|a d

040 ## - CATALOGING SOURCE

  • Original cataloging agency: St Aloysius Coll
  • Transcribing agency: St Aloysius Coll

100 ## - HEADING--PERSONAL NAME

  • Personal name: Adams, Robert M

670 ## - SOURCE DATA FOUND

  • Source citation: Work cat.: (St Aloysius Coll)158059: Niccolo Machiavelli 82957, Prince, 2005